00917cam a22002895a 450000100100000000500170001000800410002701500190006802000210008702000180010803900090012604000260013508200220016110000250018324500990020825000130030726000320032030000290035249000300038150000200041165000260043165100100045765300330046794200080050099900170050895201020052501004269020180220151102.0810622s1981 enka fr 001 0 eng d aGB81196962bnb a0330263218 (pbk) a97803302632140 a1641 aUkbengcUkdEG-ScBUE04a658.1554bFEN2221 aFenton, John,d1938-10aHow to double your profits within the year :ban action plan for your business /cJohn Fenton. a1st. ed. aLondon :bPan books,c1981. a215 p. :bill. ;c18 cm.0 aPan business / management aIncludes index. 7aProfit.2BUEsh935066 2BUEsh bBUSADMbBUSECOcFebruary2018 2ddc c26159d26131 00102ddc4070aMAINbMAINc1STd2018-02-20l0o658.1554 FENp000043006r2025-07-15 00:00:00yBB